Top 10 Largest Subdivisions in the World - Statistics

General Stats
  • This quiz has been taken 56 times
  • The average score is 7 of 10
Answer Stats
Country Subdivision % Correct
United States Alaska
93%
Denmark Greenland
82%
Australia Western Australia
82%
Australia Queensland
80%
Canada Nunavut
78%
Canada Quebec
76%
Russia Sakha Republic
64%
Brazil Amazonas
60%
China Xinjiang
44%
Russia Krasnoyarsk Krai
42%
No matching quizzes found
Score Distribution
Percent of People with Each Score
Percentile by Number Answered
Your Score History
You have not taken this quiz